| 000 | 01642 a2200277 4500 | ||
|---|---|---|---|
| 003 | Nust | ||
| 005 | 20170207152511.0 | ||
| 010 | _a 97016040 | ||
| 020 | _a0195110099 (cloth) | ||
| 040 | _cNust | ||
| 082 | 0 | 0 | _a621.382 |
| 100 | 1 | _aLathi, B. P. | |
| 245 | 1 | 0 |
_aModern digital and analog communication systems / _cB.P. Lathi. |
| 250 | _a3rd ed. | ||
| 260 |
_aNew York : _bOxford University Press, _c1998. |
||
| 300 |
_axiii, 781 p. : _bill. ; _c25 cm. |
||
| 440 | 4 | _aThe Oxford series in electrical and computer engineering | |
| 500 | _aIntroduction Page 1, Introduction to Signals Page 14, Analysis and Transmission of Signals Page 71, Amplitude Linear Modulation Page 151, | ||
| 505 |
_aAngle exponential Modulation Page 208, Sampling and Pluse Code Modulatoin Page 251, Principles of Digital Data Transmission Page 294, Emerging Digital Communications Technologies Page 354, _gSome Recent Developments and Miscellaneous Topics Page 404, Introdution to theory of Probability Page 434, Random Process Page 487, _rBehacior of Analog System in the Presence of Noise Page 532, Bahavior of Digital Communication Systmes in the Presence of Noise Page 577, _tOptimum Signal Detection Page 626, Introduction to Information Theory Page 679, Error Correcting Codes Pae 728, |
||
| 538 | _aAlmirah No.19 and Shelf No.6 | ||
| 650 | 0 | _aDigital communications. | |
| 650 | 0 | _aStatistical communication theory. | |
| 650 | 0 | _aTelecommunication systems. | |
| 856 | 4 | 2 |
_3Publisher description _uhttp://www.loc.gov/catdir/enhancements/fy0605/97016040-d.html |
| 856 | 4 | 2 |
_3Table of contents only _uhttp://www.loc.gov/catdir/enhancements/fy0605/97016040-t.html |
| 942 |
_2ddc _cBK |
||
| 999 |
_c175817 _d175817 |
||